000 00315nam a2200133Ia 4500
100 _aStellman. A . Thomas
942 _cBK
366 _f15
654 _aHarnessing Autocad R.14
245 _aHarnessing Autocad R.14
260 _bComdex Computer Publishing
_aNew Delhi
_c1997
082 _a6.6
546 _aENGLISH
999 _c32323
_d32323